000 00298nam a22001337a 4500
082 _a894.812.3
_bSUD/B
100 _aSUDIN,S
245 _aBHRANTHAN
250 _aFIRST
260 _aATTINGAL
_bMOTHER'S EDUCATIONAL RESEARCH INSTITUTE
_c2007
300 _a42
650 _aSTORY
_zKERALA
942 _cBK
999 _c1768
_d1768